Избранные сочинения (Запись № 930457)

Подробности
000 -МАРКЕР
контрольное поле 01812nam0a2200337 4500
001 - ИДЕНТИФИКАТОР ЗАПИСИ
контрольное поле RU\NLR\bibl\467105
005 - ИДЕНТИФИКАТОР ВЕРСИИ
контрольное поле 20260406125018.0
010 ## - МЕЖДУНАРОДНЫЙ СТАНДАРТНЫЙ НОМЕР КНИГИ (ISBN)
Номер (ISBN) 5-94849-365-2
Тираж 6000
021 ## - НОМЕР ГОСУДАРСТВЕННОЙ РЕГИСТРАЦИИ
Код страны Российская Федерация
Номер 2003-56593
Номер Листа государственной регистраци 2761
035 ## - ДРУГИЕ СИСТЕМНЫЕ НОМЕРА
Идентификатор записи (NLR Aleph) 000460441
100 ## - ДАННЫЕ ОБЩЕЙ ОБРАБОТКИ
Данные общей обработки 20031201d2003 |||y0rusy50 ca
101 0# - ЯЗЫК РЕСУРСА
Язык текста, звукозаписи и т.д. русский
102 ## - СТРАНА ПУБЛИКАЦИИ ИЛИ ПРОИЗВОДСТВА
Страна публикации Российская Федерация
105 ## - ПОЛЕ КОДИРОВАННЫХ ДАННЫХ: ТЕКСТОВЫЕ МАТЕРИАЛЫ, МОНОГРАФИЧЕСКИЕ
Кодированные данные о монографическом текстовом документе y |||||||||
200 1# - ЗАГЛАВИЕ И СВЕДЕНИЯ ОБ ОТВЕТСТВЕННОСТИ
Основное заглавие Избранные сочинения
Первые сведения об ответственности Иван Алексеевич Бунин
Последующие сведения об ответственности [Сост., вступ. ст., коммент. к.филол.н., доц. С.Р. Федякин
-- Науч. ред. к.филол.н. П.В. Басинский]
210 ## - ПУБЛИКАЦИЯ, РАСПРОСТРАНЕНИЕ И ДР.
Место издания, распространения и т.д. М.
Имя издателя, распространителя и т. д. Олма-Пресс Образование
Дата издания, распространения и т.д. 2003
215 ## - ФИЗИЧЕСКАЯ ХАРАКТЕРИСТИКА
Специфическое обозначение материала и объем 827,[3] с.
Размеры 19
225 1# - СЕРИЯ
Основное заглавие серии Библиотека школьника
320 ## - ПРИМЕЧАНИЯ О НАЛИЧИИ В ДОКУМЕНТЕ БИБЛИОГРАФИИ / УКАЗАТЕЛЯ
Текст примечания Библиогр. в конце кн.
327 0# - ПРИМЕЧАНИЯ О СОДЕРЖАНИИ
Текст примечания Содерж.: Жизнь Арсеньева: Роман; Повести. Рассказы: Танька; Антоновские яблоки; Цифры; Деревня; Суходол и др.; Из кн. "Темные аллеи": Темные аллеи; Руся; Натали и др.; Стихотворения
-- В кн. также: Критика и воспоминания об. И.А. Бунине
686 ## - ИНДЕКСЫ ДРУГИХ КЛАССИФИКАЦИЙ
Индекс Ш9(2)62=Р5-4
700 #1 - ИМЯ ЛИЦА - ПЕРВИЧНАЯ ОТВЕТСТВЕННОСТЬ
Код отношения Автор
Материалы, к которым относится поле rus
Графика поля Кириллица
Начальный элемент ввода Бунин
Часть имени, кроме начального элемента ввода И. А.
Даты 1870-1953
Расширение инициалов личного имени Иван Алексеевич
Идентификатор авторитетной/нормативной записи RU\NLR\auth\771321
Системный номер авторитетной/нормативной записи 111348
702 #1 - ИМЯ ЛИЦА - ВТОРИЧНАЯ ОТВЕТСТВЕННОСТЬ
Код отношения Составитель
Материалы, к которым относится поле rus
Графика поля Кириллица
Начальный элемент ввода Федякин
Часть имени, кроме начального элемента ввода С.Р.
Расширение инициалов личного имени Сергей Романович
Идентификатор авторитетной/нормативной записи RU\NLR\auth\7719961
Системный номер авторитетной/нормативной записи 3030
702 #1 - ИМЯ ЛИЦА - ВТОРИЧНАЯ ОТВЕТСТВЕННОСТЬ
Код отношения Автор
Материалы, к которым относится поле rus
Графика поля Кириллица
Начальный элемент ввода Басинский
Часть имени, кроме начального элемента ввода П. В.
Даты 1961-
Расширение инициалов личного имени Павел Валерьевич
Идентификатор авторитетной/нормативной записи RU\NLR\auth\7720411
Системный номер авторитетной/нормативной записи 3479
801 #0 - ИСТОЧНИК ЗАПИСИ
Страна Российская Федерация
Организация NLR
Дата составления 20031201
Правила каталогизации PSBO
801 #1 - ИСТОЧНИК ЗАПИСИ
Страна Российская Федерация
Организация NLR
Дата составления 20031201
942 ## - ДОПОЛНИТЕЛЬНЫЕ ЭЛЕМЕНТЫ ЗАПИСИ (АБИС)
Тип экземпляра АБИС Книга
980 ## - КОЛЛЕКЦИЯ
Название коллекции Национальная библиография
Экземпляры
Тип экземпляра Дата поступления Источник поступления Библиотека постоянного хранения Библиотека текущего хранения Место хранения Шифр хранения Штрих-код Статус экземпляра
Книга 01.12.2003 Обязательный экземпляр РНБ (Московский) РНБ (Московский) Русский книжный фонд: издания с 1957 года 2003-3/28627 1-2518054  
Книга 01.12.2003 Обязательный экземпляр РНБ (Московский) РНБ (Московский) Русский книжный фонд: издания с 1957 года 2003-3/28627 598215